000 01053cam a2200265 i 4500
003 SA-RiAUC
005 20250520054234.0
008 250519s1993 su g 00000 ara c
040 _aSA-RiKSU
_bara
_cSA-RiAUC
_erda
082 0 4 _a251
090 _a251
_bح ط ا
100 1 _aالحطاب، محمد بن محمد بن عبد الرحمن،
_d902-954 هجري
_eمؤلف.
245 1 0 _aقرة العين في شرح ورقات إمام الحرمين /
_cتأليف محمد الحطاب.
250 _aالطبعة الأولى.
264 1 _aالرياض :
_bدار ابن خزيمة،
_c1993
300 _a88 صفحة ؛
_c24 سم
336 _aنص
_btxt
_2rdacontent
_3كتاب
337 _aبدون وسيط
_bn
_2rdamedia
338 _aمجلد
_bnc
_2rdacarrier
650 7 _aأصول الفقه الإسلامي
_2aucsh
700 1 2 _aإمام الحرمين، عبد الملك بن عبد الله بن يوسف،
_d419-478 هجري
740 2 2 _aالورقات.
942 _2ddc
_cBOOK
_n0
949 _aSA-JeALM
_d250519
_umohamedma123
_n1
999 _c8114
_d8114